<?xml version="1.0" encoding="UTF-8"?><?xml-stylesheet type="text/xsl" href="static/style.xsl"?><OAI-PMH xmlns="http://www.openarchives.org/OAI/2.0/" xmlns:xsi="http://www.w3.org/2001/XMLSchema-instance" xsi:schemaLocation="http://www.openarchives.org/OAI/2.0/ http://www.openarchives.org/OAI/2.0/OAI-PMH.xsd"><responseDate>2026-04-14T03:17:34Z</responseDate><request verb="GetRecord" identifier="oai:www.recercat.cat:2445/156818" metadataPrefix="marc">https://recercat.cat/oai/request</request><GetRecord><record><header><identifier>oai:recercat.cat:2445/156818</identifier><datestamp>2025-11-20T13:57:22Z</datestamp><setSpec>com_2072_1057</setSpec><setSpec>col_2072_478778</setSpec><setSpec>col_2072_478917</setSpec><setSpec>col_2072_478923</setSpec></header><metadata><record xmlns="http://www.loc.gov/MARC21/slim" xmlns:dcterms="http://purl.org/dc/terms/" xmlns:xsi="http://www.w3.org/2001/XMLSchema-instance" xmlns:doc="http://www.lyncode.com/xoai" xsi:schemaLocation="http://www.loc.gov/MARC21/slim http://www.loc.gov/standards/marcxml/schema/MARC21slim.xsd">
   <leader>00925njm 22002777a 4500</leader>
   <datafield ind2=" " ind1=" " tag="042">
      <subfield code="a">dc</subfield>
   </datafield>
   <datafield ind2=" " ind1=" " tag="720">
      <subfield code="a">Garcia Vallès, Maite</subfield>
      <subfield code="e">author</subfield>
   </datafield>
   <datafield ind2=" " ind1=" " tag="720">
      <subfield code="a">Alfonso Abella, María Pura</subfield>
      <subfield code="e">author</subfield>
   </datafield>
   <datafield ind2=" " ind1=" " tag="720">
      <subfield code="a">Martínez Manent, Salvador</subfield>
      <subfield code="e">author</subfield>
   </datafield>
   <datafield ind2=" " ind1=" " tag="720">
      <subfield code="a">Roca Pascual, Núria</subfield>
      <subfield code="e">author</subfield>
   </datafield>
   <datafield ind2=" " ind1=" " tag="260">
      <subfield code="c">2020-04-22T10:56:21Z</subfield>
   </datafield>
   <datafield ind2=" " ind1=" " tag="260">
      <subfield code="c">2020-04-22T10:56:21Z</subfield>
   </datafield>
   <datafield ind2=" " ind1=" " tag="260">
      <subfield code="c">2020-02-07</subfield>
   </datafield>
   <datafield ind2=" " ind1=" " tag="260">
      <subfield code="c">2020-04-22T10:56:22Z</subfield>
   </datafield>
   <datafield ind2=" " ind1=" " tag="520">
      <subfield code="a">This research characterizes the kaolinitic clays from Cretaceous-Paleocene lateritic depòsits of Terra Alta (south Catalonia) to evaluate their possible applications. The outcrops and quarries belong to the Horta de Sant Joan and Pinell de Brai areas. The chemical composition, mineralogy, rheological behavior, particle size distribution and plasticity are determined. The Fe and Ti4+ contents prevent them from being directly used as raw material for white ceramics. The mineralogy consists of kaolinite with quartz, illite, hematite, and minor K-feldspar and calcite. Most of the area comprises medium plastic clays that are classified as fired clays and can be used as ceramic and construction materials. In Horta de Sant Joan, a kaolinitic-rich level, up to 75 wt % of kaolinite, is highly crystalline with low plasticity and can be classified as flint clay, useful as a refractory clay. The evaluated kaolinitic clays can also be used to obtain a triaxial ceramic when they are mixed with feldspar to act as a fluxing agent and chamotte.</subfield>
   </datafield>
   <datafield tag="653" ind2=" " ind1=" ">
      <subfield code="a">Mineralogia</subfield>
   </datafield>
   <datafield tag="653" ind2=" " ind1=" ">
      <subfield code="a">Argila</subfield>
   </datafield>
   <datafield tag="653" ind2=" " ind1=" ">
      <subfield code="a">Caolí</subfield>
   </datafield>
   <datafield tag="653" ind2=" " ind1=" ">
      <subfield code="a">Ceràmica</subfield>
   </datafield>
   <datafield tag="653" ind2=" " ind1=" ">
      <subfield code="a">Mineralogy</subfield>
   </datafield>
   <datafield tag="653" ind2=" " ind1=" ">
      <subfield code="a">Clay</subfield>
   </datafield>
   <datafield tag="653" ind2=" " ind1=" ">
      <subfield code="a">Kaolin</subfield>
   </datafield>
   <datafield tag="653" ind2=" " ind1=" ">
      <subfield code="a">Pottery</subfield>
   </datafield>
   <datafield ind2="0" ind1="0" tag="245">
      <subfield code="a">Mineralogical and thermal characterization of kaolinitic clays from Terra Alta (Catalonia, Spain)</subfield>
   </datafield>
</record></metadata></record></GetRecord></OAI-PMH>